| 000 | 00521nam a2200181Ia 4500 | ||
|---|---|---|---|
| 008 | 240925s9999 xx 000 0 und d | ||
| 020 | _a8185015619 | ||
| 082 | _a005.453 AHO | ||
| 100 | _aAho, Alfred V.; Ullman ,Jeffrey D. | ||
| 245 | 0 | _aPrinciples of Compiler Design | |
| 250 | _aNA | ||
| 260 |
_aNew Delhi: _bNarosa Publishing House _c,1985. |
||
| 300 |
_axii,612p. _bNA _fPirated |
||
| 500 | _aIncludes Index | ||
| 600 | _aComputer Science | ||
| 650 | _aComputer science, information & general works | ||
| 942 | _cBK | ||
| 999 |
_c2725 _d2725 |
||